Ikeeswen sadi aur pakistan (Record no. 292505)

000 -LEADER
fixed length control field 00293 a2200121 4500
001 - CONTROL NUMBER
control field 57432
082 ## - DEWEY DECIMAL CLASSIFICATION NUMBER
Classification number 327.105491 FAR
090 ## - LOCALLY ASSIGNED LC-TYPE CALL NUMBER (OCLC); LOCAL CALL NUMBER (RLIN)
-- 35163
-- 35163
100 ## - MAIN ENTRY--PERSONAL NAME
Personal name Dr Muhammad Farooq Khan
245 ## - TITLE STATEMENT
Title Ikeeswen sadi aur pakistan
Medium Urdu
260 ## - PUBLICATION, DISTRIBUTION, ETC.
Place of publication, distribution, etc. Lahore
Name of publisher, distributor, etc. Almorid
Date of publication, distribution, etc. 1996
300 ## - PHYSICAL DESCRIPTION
Extent 475p
942 ## - ADDED ENTRY ELEMENTS (KOHA)
Institution code [OBSOLETE] NUST-CAE
Call number prefix 327.105491 FAR
Holdings
Withdrawn status Lost status Damaged status Not for loan Collection code Permanent Location Current Location Date acquired Total Checkouts Full call number Barcode Date last seen Price effective from Koha item type
          College of Aeronautical Engineering (CAE) College of Aeronautical Engineering (CAE) 04/03/2017   327.105491 FAR CAE74580 04/05/2017 04/05/2017 Book
© 2023 Central Library, National University of Sciences and Technology. All Rights Reserved.